El Envejecimiento en el debate mundial: reflexión académica y política /
Este artículo hace revisión y seguimiento de la discusión de la Primera y Segunda Asamblea Mundial sobre envejecimiento. Además presenta diferentes posturas políticas e ideológicas sobre el envejecimiento a nivel mundial con l fin de delinear el papel de la investigación demográfica y la gerontologí...
Đã lưu trong:
| Tác giả chính: | |
|---|---|
| Định dạng: | Texto |
| Những chủ đề: | |
| Các nhãn: |
Thêm thẻ
Không có thẻ, Là người đầu tiên thẻ bản ghi này!
|
MARC
| LEADER | 00000 a a2200000 04500 | ||
|---|---|---|---|
| 001 | 11741 | ||
| 003 | |||
| 040 | |||
| 100 | |a Montes de Osa, Verónica | ||
| 245 | |a El Envejecimiento en el debate mundial: |b reflexión académica y política / |c Verónica Montes de Osa | ||
| 520 | |a Este artículo hace revisión y seguimiento de la discusión de la Primera y Segunda Asamblea Mundial sobre envejecimiento. Además presenta diferentes posturas políticas e ideológicas sobre el envejecimiento a nivel mundial con l fin de delinear el papel de la investigación demográfica y la gerontología en la planeación de políticas públicas | ||
| 650 | |a ENVEJECIMIENTO DE LA POBLACION | ||
| 650 | |a CAMBIO DEMOGRAFICO | ||
| 650 | |a COOPERACION INTERNACIONAL | ||
| 650 | |a DEMOGRAFIA | ||
| 650 | |a GERIATRIA | ||
| 650 | |a CALIDAD DE LA VIDA | ||
| 650 | |2 Macrothesaurus de la OCDE | ||
| 650 | |a PROYECCIONES DE POBLACION | ||
| 773 | |g volumen 9, número 35 Nueva ; páginas 77-100 | ||
| 999 | |c 23548 |d 23548 | ||
